ARRUPE JESUIT UNIVERSITY

CORONAVIRUS -STOP THE SPREAD - CLEAN,DISINFECT,COVER

Democracy and Development in Africa (Record no. 18013)

MARC details
000 -LEADER
fixed length control field 00397nam a2200169Ia 4500
003 - CONTROL NUMBER IDENTIFIER
control field 0100
005 - DATE AND TIME OF LATEST TRANSACTION
control field 20190702155615.0
008 - FIXED-LENGTH DATA ELEMENTS--GENERAL INFORMATION
fixed length control field 130303s9999 xx 000 0 und d
040 ## - CATALOGING SOURCE
Transcribing agency ARRUPELIB
050 ## - LIBRARY OF CONGRESS CALL NUMBER
Classification number HC800.A6481996
100 ## - MAIN ENTRY--PERSONAL NAME
Personal name Ake, Claude
9 (RLIN) 46806
245 ## - TITLE STATEMENT
Title Democracy and Development in Africa
260 ## - PUBLICATION, DISTRIBUTION, ETC. (IMPRINT)
Place of publication, distribution, etc Washington, D.C.
Name of publisher, distributor, etc The Brookings Institution
Date of publication, distribution, etc 1996
300 ## - PHYSICAL DESCRIPTION
Extent 173p
650 ## - SUBJECT ADDED ENTRY--TOPICAL TERM
Topical term or geographic name as entry element Economic Development
General subdivision Political Aspects
9 (RLIN) 46807
650 ## - SUBJECT ADDED ENTRY--TOPICAL TERM
Topical term or geographic name as entry element Africa
General subdivision Politics
9 (RLIN) 15215
650 ## - SUBJECT ADDED ENTRY--TOPICAL TERM
Topical term or geographic name as entry element Government
General subdivision Democracy
Chronological subdivision 1960
Geographic subdivision Africa
9 (RLIN) 46808
650 ## - SUBJECT ADDED ENTRY--TOPICAL TERM
Topical term or geographic name as entry element Africa
General subdivision Colonial Influences
9 (RLIN) 46809
942 00 - ADDED ENTRY ELEMENTS (KOHA)
Koha issues (borrowed), all copies 1
Source of classification or shelving scheme Library of Congress Classification
Koha item type Monograph ( Printed materials)
Holdings
Withdrawn status Lost status Source of classification or shelving scheme Damaged status Not for loan Collection code Home library Current library Shelving location Date acquired Total Checkouts Full call number Barcode Date last seen Date checked out Copy number Price effective from Koha item type
    Library of Congress Classification     Main Collection ARRUPE LIBRARY ARRUPE LIBRARY   04/03/2013 5 HC800.A6481996 46003044769 16/05/2022 01/04/2022 1 04/03/2013 Monograph ( Printed materials)

 

Arrupe Library. PO Box MP320 Mt Pleasant, Harare, Zimbabwe
263 242 745411|librarian@aju.ac.zw